000 00639nab a2200193 4500
001 244442
003 OSt
005 20231004124540.0
007 tu
008 200917s2020|||||||
040 _aDE-2950
_cDE-2950
245 0 0 _aKleines Kino feiert mit Loriot
_bLeinwand. Vor 30 Jahren gründete sich der Verein Kleines Kino in Frankfurt. ER bietet bis heute Alternativen zu den großen Blockbustern/
_cJörg Kotterba
264 _c2023
653 _aFrankfurt (Oder)
653 _aKleines Kino
653 _aBrigitte Kabel
773 0 _g34. Jahrgang (2023) Nr. 227 vom 28.09.2023, S. 17, mit Foto
_tMärkische Oderzeitung
942 _2z
_cA
999 _c372752
_d372752